| 000 | 01411cam a2200409 a 4500 | ||
|---|---|---|---|
| 999 |
_c2781 _d2781 |
||
| 001 | 17302555 | ||
| 003 | OSt | ||
| 005 | 20230821094053.0 | ||
| 008 | 120517s2008 enkab 000 1 eng | ||
| 010 | _a 2012376860 | ||
| 015 |
_aGBA874716 _2bnb |
||
| 016 | 7 |
_a014533754 _2Uk |
|
| 020 | _a9780194791731 (pbk.) | ||
| 020 | _a0194791734 (pbk.) | ||
| 035 | _a(OCoLC)ocn231882040 | ||
| 040 |
_aUKM _cUKM _dYDXCP _dOTP _dGO4 _dDLC _dKH8 |
||
| 042 |
_aukblsr _alccopycat |
||
| 082 | 0 | 4 |
_a428.6 WES _222 |
| 100 | 1 | _aWest, Clare. | |
| 245 | 1 | 0 |
_aGulliver's travels / _cJonathan Swift ; retold by Clare West ; illustrated by Nick Harris. |
| 250 | _aSimplified ed. | ||
| 260 |
_aOxford : _bOxford University Press, _c2008. |
||
| 300 |
_a88 p. : _bill., map ; _c20 cm. |
||
| 490 | 0 | _aOxford bookworms library. Classics. Stage 4 | |
| 650 | 0 | _aReaders (Adult) | |
| 650 | 0 |
_aReading comprehension _vProblems, exercises, etc. |
|
| 650 | 0 |
_aEnglish language _vTextbooks for foreign speakers. |
|
| 650 | 0 |
_aGulliver, Lemuel (Fictitious character) _vFiction. |
|
| 650 | 0 |
_aVoyages, Imaginary _vFiction. |
|
| 650 | 0 |
_aTravelers _vFiction. |
|
| 650 | 0 |
_aIslands _vFiction. |
|
| 700 | 1 |
_aHarris, Nick, _eill. |
|
| 700 | 1 | 2 |
_aSwift, Jonathan, _d1667-1745. _tGulliver's travels. |
| 906 |
_a0 _bibc _ccopycat _d2 _encip _f20 _gy-gencatlg |
||
| 942 |
_2ddc _cTR |
||